Shri Dnyaneshwar sulabha gadya rupantar (Record no. 362771)

MARC details
000 -LEADER
fixed length control field 003850000a22001570004500
005 - DATE AND TIME OF LATEST TRANSACTION
control field 20120302064653.0
040 ## - CATALOGING SOURCE
Original cataloging agency Mar
100 ## - MAIN ENTRY--PERSONAL NAME
Personal name Deshmukh,Keshavrao Maharaj
245 ## - TITLE STATEMENT
Title Shri Dnyaneshwar sulabha gadya rupantar
250 ## - EDITION STATEMENT
Edition statement 5th
260 ## - PUBLICATION, DISTRIBUTION, ETC. (IMPRINT)
Place of publication, distribution, etc Pune:Satakrupa pratisthan,2001.
300 ## - PHYSICAL DESCRIPTION
Extent 524p.
365 ## - TRADE PRICE
Price amount 160/-
650 ## - SUBJECT ADDED ENTRY--TOPICAL TERM
Topical term or geographic name as entry element Sant vangamaya,dnyaneshwari
942 ## - ADDED ENTRY ELEMENTS (KOHA)
Koha item type Book
Holdings
Withdrawn status Lost status Damaged status Not for loan Home library Current library Date acquired Total Checkouts Barcode Date last seen Price effective from
        Institute For Oriental Study, Thane Institute For Oriental Study, Thane 12/02/2009   IOS-M 23825 12/02/2009 12/02/2009